000 01051nam a22001937a 4500
003 PILC
005 20250807115746.0
008 231122b |||||||| |||| 00| 0 eng d
010 _aAcc#47943
020 _a1-879989-06-9
040 _cPhilippine Baptist Theological Seminary
050 _aBX 9543.S36
_bSch81 1992
100 _aPenner, James
_eAuthor.
245 _aGoliath : the life of Robert Schuller /
_cby James Penner.
264 _aUSA :
_bNew Hope Publishing Company, Inc.,
_c©1992.
300 _a440 pages ;
_billustrations ;
_c24 cm.
500 _aThis is a love story. It is the true story of a man and a woman who overcame great obstacles and personal tragedy to realize their hopes and dreams. Their love made a difference to millions of people all over the world. This is the story of a family who never gave up on each other. No matter how hard it got, no matter how unfairly they were treated, they kept their family together through it all. This is the story of Robert Schuller, a man who faced GOLIATH.
942 _2lcc
_cCB
999 _c74060
_d74060